000 00485nam a2200145Ia 4500
008 151213s9999 xx 000 0 und d
100 _aমকবুল হোসেন।
245 _aগণিত বিশ্লেষণ।
_cমকবুল হোসেন।
260 _aঢাকা
_bগোলাম মঈন উদ্দীন।
_c1990
300 _a8641 p.
650 _aBangla
650 _aগণিত।
700 _aমকবুল হোসেন।
999 _c4428
_d4428